Froteztology

Saved in:
Bibliographic Details
Main Author: Ariyasinghe, Marlon
Format: Book
Published: 2011
Tags: Add Tag
No Tags, Be the first to tag this record!

MARC

LEADER 00000nam a2200000 a 4500
020 |a 9789550392032 
082 |a 821 
100 |a Ariyasinghe, Marlon 
245 |a Froteztology 
260 |c 2011 
300 |a 87p. ; 20cm. 
942 |c AFW 
999 |c 67876  |d 67876